000 004980000a22001930004500
005 20120302060807.0
942 _cBOOK
100 _a Singh,Thoudam D.
100 _a Thompson,Richard C.
245 _a What is matter & What is Life?
260 _aBoston:Bhaktivedanta Institute,1977
300 _a66p.
490 _aThe Bhaktivedant Institute Monograph Series-No.1
040 _aENG
365 _bRs.
650 _aPhilosophy
650 _aChemistry-Life
650 _aChemical Evolution
999 _c352186
_d352183